000 01510cam a22003857a 4500
003 CHAP
005 20220329142808.0
008 031029d2003 mx r 00110 spa d
010 _a87854
011 _a88826
035 _a99371
040 _cCHAP
090 _aTesis
100 0 0 _aMejía Montiel, Adriana.
_974274
245 1 0 _aEvaluación del procedimiento administrativo e impacto de los programas de desarrollo rural en el Distrito Federal, para el ejercicio 2002
_c/por Adriana Mejía Montiel y Liuba Trejo Romero
260 _aChapingo, Méx. :
_bEl autor,
_c2003.
300 _a141 h.
502 _aTesis (Lic. en Administración de Empresas Agropecuarias. -- UACH. División de Ciencias Económico Administrativas
590 _aALEPH
_b10
_c20130110
_lUCH01
_h1456
590 _aBATCH-UPD
_b10
_c20130110
_lUCH01
_h0408
590 _aBATCH-UPD
_b10
_c20130110
_lUCH01
_h2347
590 _aBATCH-UPD
_b10
_c20130410
_lUCH01
_h0042
590 _aBATCH-UPD
_b10
_c20130410
_lUCH01
_h1634
590 _aBATCH-UPD
_b10
_c20130914
_lUCH01
_h1147
590 _aCONVERSION
_b10
_c20130109
_lUCH01
_h1349
650 1 4 _aDesarrollo de la comunidad rural
_zMéxico (D.F.).
_932041
650 1 4 _aDesarrollo rural.
_932067
650 1 4 _aProyectos de desarrollo.
_992528
700 0 0 _aTrejo Romero, Liuba
_9114780
901 _aBK
905 _aAlejandra Carrasco M.
942 _cFOLL
949 _aTesis
_bBC
_cTES
_d33724000891693
_eTS2
_fc.2
_h41559
_i99371
_sb
949 _aTesis
_bBC
_cTES
_d993711
_eTS1
_h41558
_i99371
_sb
999 _c87854
_d87854